000 00709nam a22002057a 4500
005 20251108165539.0
008 250721s1989 xx 000 0 ara d
082 1 4 _aم/211.6/علي
100 1 _aزهران، علي محمد
245 1 0 _aمن فضائل القرآن و أحكام القرآن الكريم /
264 1 _aالقاهره :
_bمؤسسة دار الشعب،
_c1989.
300 _a920ص
490 0 _aمجلة كتاب الشعب : التراث و العلوم الإسلامية لكل الشعب
650 1 7 _aالقرآن الكريم
650 1 7 _aأحكام القرآن
650 1 7 _aتفسير القرآن
650 1 7 _aالإسلام
942 _2ddc
_cREF
999 _c30473
_d30473